Представление документа в формате RUSMARC

ПолеНазваниеЗначение
  Тип записи a
  Библиографический уровень m
001 Контрольный номер RU/УОНБ/EK/301665145
005 Дата корректировки 20260514132624.4
010 Индекс ISBN __
a ISBN 5-87849-214-8
d Цена 50 р.
9 Тираж 6100 экз.
100 Данные общей обработки __
a Данные общей обработки 20090723d2006 u u0rusy0189 ca
101 Язык документа 0_
a Язык текста rus
102 Страна публикации __
a Страна публикации RU
105 Кодированные данные (монография) __
a Кодированные данные (монография) y z 000yy
200 Заглавие и сведения об ответственности 1_
a Заглавие Правда Виктора Суворова
e Сведения, относящиеся к заглавию переписывая историю Второй мировой
f Первые сведения об ответственности сост. Д. Хмельницкий
210 Выходные данные 1_
d Дата издания 2006
a Место издания Москва
c Издательство Яуза
215 Физическое описание __
a Объем 352 с.
c Иллюстрации/тип воспроизводства ил.
d Формат 21 см
225 Серия 1_
a Серия Великая Отечественная: Неизвестная война
320 Библиография __
a Библиография Библиогр. в примеч. в конце гл.
333 Примечание о целевом назначении __
a Примечание о целевом назначении 18+
606 Тематические рубрики 0_
a Основная рубрика Вторая мировая война 1939-1945 гг.
x Основная подрубрика Анализ
610 Ключевые слова 0_
a Ключевые слова Вторая мировая война 1939-1945 гг.
610 Ключевые слова 0_
a Ключевые слова Великая Отечественная война 1941-1945 гг.
610 Ключевые слова 0_
a Ключевые слова Советская Армия на фронтах Великой Отечественной войны 1941-1945 гг.
686 Индексы других классификаций __
a Классификационный индекс 63.3(0)62,08
2 Код системы rubbk
702 Вторичная интеллектуальная ответственность _1
a Фамилия Хмельницкий
b Имя (инициалы) Д.
4 Код отношения 220
801 Источник записи _0
a Страна RU
b Организация Ульяновская ОНБ
c Дата составления 20090723
g Правила каталогизации RCR
801 Источник записи _1
a Страна RU
b Организация Ульяновская ОНБ
c Дата составления 20090723
g Правила каталогизации RCR
901 Тип документа __
t Тип документа m
910 Корректоры записи __
a Корректор записи Седова
b Дата внесения изменения в запись 20260514
970 Признак ограниченного доступа __
a Фамилия Новостной ресурс «Cyprus Daily News»
f Иностранный агент (юридическое лицо)
e 08.05.2026
996 Контроль за деятельностью лиц, находящихся под иностранным влиянием __
b Текстовое указание НАСТОЯЩИЙ МАТЕРИАЛ (ИНФОРМАЦИЯ) ПРОИЗВЕДЁН, РАСПРОСТРАНЁН И (ИЛИ) НАПРАВЛЕН ИНОСТРАННЫМ АГЕНТОМ НОВОСТНЫМ РЕСУРСОМ "CYPRUS DAILY NEWS" ЛИБО КАСАЕТСЯ ДЕЯТЕЛЬНОСТИ ИНОСТРАННОГО АГЕНТА НОВОСТНОГО РЕСУРСА "CYPRUS DAILY NEWS" (УЧАСТНИК ХМЕЛЬНИЦКИЙ ДМИТРИЙ СЕРГЕЕВИЧ)